000 00188nam a22000857a 4500
082 _a624ATS
100 _aAmerican technical society
245 _aCyclopedia of civil engineering
942 _cBK
999 _c17000
_d17000